Andean Countries on a Map - Statistics

General Stats
  • This quiz has been taken 93 times
  • The average score is 6 of 6
Answers on the Map
Answers color-coded by a green-red scale on the quiz's map according to % correct below.
 
Answer Stats
Country % Correct
Colombia
100%
Peru
100%
Bolivia
99%
Ecuador
99%
Argentina
97%
Chile
97%
No matching quizzes found
Score Distribution
Percent of People with Each Score
Percentile by Number Answered
Your Score History
You have not taken this quiz